000 01031nam a22002057a 4500
005 20250207140648.0
010 _aHIN-128632
020 _c795.00
_a9789386695321
035 _aHN-100978
037 _bDBAD
082 _a781.6200954
245 _aभारतीय संगीत एवं संस्कृति /
_bगीता शर्मा और चन्द्रपाल पुनिया द्वारा संपादित
250 _aप्रथम
260 _aनई दिल्ली
_bआर्यन पब्लिकेशन
_c2021
270 _a110,गली नं. 4, हरफूल विहार , बापरौला
_bनई दिल्ली
_e110043
_k09891896483
_maryanpublication12@gmail.com
300 _a285पृ.
_c22 सेमी. (सजिल्द)
700 _aशर्मा, गीता शर्मा
_972854
700 _aपुनिया, चन्द्रपाल
_977439
942 _2ddc
_cHN
_h781.6200954
_mभारती
999 _c206428
_d206428